| 000 | 01183cam a2200241 4500 | ||
|---|---|---|---|
| 001 | J122653 | ||
| 008 | 030618n2002 000 0 eng u | ||
| 035 | _a(Sirsi) u122653 | ||
| 041 | _aeng | ||
| 050 |
_a711.52 _c18 |
||
| 100 | _aGreenstock, Jeremy | ||
| 245 |
_aBritish Ambassador to the UN gives a live video conference to Regeneration Forum _h[videorecording] |
||
| 260 |
_aLondon _bRICS _c2002 |
||
| 490 | _aRICS Multimedia Presentations | ||
| 490 | _aRICS Regeneration Forum Lecture Series | ||
| 520 | _aSir Jeremy Greenstock discusses global peace initiatives with Iraq and the effects of September 11 on both the city of New York and the world. The Ambassador chairs the committee on counter terrorism at the UN and is committed to passing the now famous resolution 1373 (2001) dealing with the need to combat all threats to international peace and security caused by terrorist acts. View at www.rics.org/multimedia/ | ||
| 650 | _aSEPTEMBER 11 ATTACKS | ||
| 650 | _aTERRORISM | ||
| 690 | _aINTERNATIONAL | ||
| 710 |
_aRoyal Institution of Chartered Surveyors _94900 |
||
| 710 |
_aRoyal Institution of Chartered Surveyors _bRegeneration Forum _94468 |
||
| 942 | _n0 | ||
| 999 |
_c102899 _d102899 |
||